02363nab a2200265 a 450000500170000000700030001700800410002002200140006104000280007504100080010310000290011124501010014026400980024130000270033931000170036633600270038333700340041033800280044436200360047252113840050865000720189277301010196494200150206599900170208020250203075803.0ta250128e2022 dr uu|p|r||||||0| 0 spa d a2636-1981 aDO-SdBNPcDO-SdBNPerda hspa aDíaz, Miguel A.986924 aEl sector minero : b¿potencial reserva fría de la economía Dominicana? /cMiguel A. Díaz aSanto Domingo, República Dominicana : bSociedad Dominicana de Geología (SODOGEO), c2022 apáginas 21 ;c28 cm. aDesconocida. atextobtxt2rdacontent asin mediación bn2rdamedia avolumenbnc2rdacarrier aVolumen 18, No. 47, Agosto 2022 aSe plantea la pregunta de si el sector minero puede actuar como reserva fría de la economía dominicana. El análisis de tres tipos de cheques externos: dos que han ocurrido recientemente y uno por venir constituye el punto de partida para explicar como la economía dominicana reaccionó o está reaccionando y cómo podría reaccionar a futuros choques externos. Se concluye que el sector minero ha demostrado que puede ser la reserva fría de la economía dominicana, pero a la vez destaca la importancia de que el país utilice el método científico para tomar decisiones basadas en la evidencia científica, tanto en proyectos presentes, como futuros, de tal forma que la evaluación de los aspectos ambientales, económicos y sociales forme parte intrínseca de ellos. En conclusion, sector minero puede ser la reserva fría de la economía dominicana si permitimos, como sociedad, que los proyectos de exploración avancen hasta la fase de estudios, de tal forma que podamos evaluar y tomar podamos evaluar y tomar decisiones sobre cada proyecto desde el punto de vista ambiental, económico y social, basados en la evidencia científica. El método científico tiene técnicas y procedimientos exitosos para determinar la verdad científica que garantiza a la sociedad la certeza de siempre sentirse segura de las decisiones que adopta.  0aMineria 926253vPublicaciones periódicaszRepública Dominicana0 0580919320187aSociedad Dominicana de Geología (SODOGEO)o2025-0525tGeo noticias /x2636-1981 2ddccISSUE c58094d58094